Método Constructivo de Losas Cortas en Pavimentos de Concreto Hidráulico.
Con el presente documento se pretende redactar una guía constructiva explicando los pasos y métodos utilizados al hacer uso de esta tecnología, así como las especificaciones técnicas generales que permitan a los profesionales asegurar la calidad de la construcción. Como apoyo a esto se realiza...
| Main Authors: | , |
|---|---|
| Other Authors: | |
| Format: | Tesis Section = Libro |
| Language: | Undetermined Spanish |
| Published: |
Managua
UNI
2013
|
| Subjects: |
| LEADER | 01437nam a2200265Ia 4500 | ||
|---|---|---|---|
| 008 | 240830s9999 xx 000 0 und d | ||
| 040 | |a BIBLIOTECA-RUPAP Mon 624.1772 L864 | ||
| 041 | |a spa | ||
| 082 | |a Mon 624.1772 L864 | ||
| 100 | 1 | |a López Rosales, Roger Antonio | |
| 100 | 1 | |b Uriarte Castellón, Manuel Salvador | |
| 245 | 1 | 0 | |a Método Constructivo de Losas Cortas en Pavimentos de Concreto Hidráulico. |
| 260 | |a Managua |b UNI |c 2013 | ||
| 300 | |a 133 p. :il. | ||
| 500 | |a Contiene: anexos e Incluye: CD. | ||
| 502 | |a Tesis (Ingeniero Civil)- UNI, 2013. | ||
| 520 | 3 | |a Con el presente documento se pretende redactar una guía constructiva explicando los pasos y métodos utilizados al hacer uso de esta tecnología, así como las especificaciones técnicas generales que permitan a los profesionales asegurar la calidad de la construcción. Como apoyo a esto se realizará un análisis técnico económico con el software HDM-4 que muestre los beneficios sobre otras tecnologías utilizadas comúnmente en proyectos de carreteras, como los son los pavimentos de asfalto y los pavimentos de concreto hidráulico con losas convencionales. | |
| 650 | 7 | |a LOSAS - MATERIALES DE CONSTRUCCIÓN | |
| 650 | 7 | |b PRODUCTOS DE HORMIGON | |
| 650 | 7 | |c PAVIMENTOS - CONCRETOS | |
| 650 | 7 | |d DISEÑO DE CARRETERAS | |
| 700 | 1 | |a Tutor: |b Villanueva Ortiz, Jennyffer Berenice | |
| 942 | |c BK |2 ddc | ||
| 991 | |a TESIS | ||
| 999 | |c 15888 | ||